000 00371nam a2200133Ia 4500
008 151001s9999||||xx |||||||||||||| ||und||
100 _aकेशवराव भोळे
245 _aजे आठवते ते
250 _a1
260 _bप्रेस्टीज पब्लिकेशन पुणे
260 _c1974
300 _a239
365 _b22
999 _c957811
_d957808